000 00312 a2200157 4500
001 160843
020 _a
040 _cMagnum
100 _a-
240 1 0 _aO patinho feio/paulinas
_lpor
245 1 0 _aO patinho feio/paulinas
362 0 _a1899
440 1 _aPaulinas
697 _aIJ/ANIMAIS
942 _cBK
999 _c160843
_d160843